000 00576nam a2200193 i 4500
001 82335
003 ES-MaACL
005 20250806033816.0
007 t|
008 041108s1907 sp ||||1| spa d
100 1 _aInfante y de Ortiz, Juan.
_965265
245 1 3 _aEl elemento ético en el Derecho /
_cpor Juan Infante y de Ortiz.
260 _aMadrid :
_b[s.n.],
_c1907 (
_fEst. Tip. de Idamor Moreno)
300 _a158 p. ;
_c19 cm.
502 _aTesis doctoral.
650 7 _aÉtica jurídica
_2embne
_9154217
852 _aES-MaACL
_jT-285-F-7
999 _c82335
_d82335